000 00377nam a22001457a 4500
005 20240805055702.0
008 240805b |||||||| |||| 00| 0 eng d
041 _aEnglish
082 _a349 SOU
100 _lEnglish
245 _aNatal Law Reports
300 _bxxi, 516 pages;
_c25 cm.
650 _aLegal practice
_bLaw
942 _cBK
_6ALISON_BN_VRIES
999 _c2407
_d2407